000
00313nam a22001457a 4500
003
SGT
020
_a
9788178557632
082
_a
616.01
_b
E19G
100
_a
GUPTA, SK
245
_a
ESSENTIALS OF IMMUNOLOGY
250
_a
2ND
260
_a
INDIA
_b
ARYA PUB
_c
2019
650
_a
MICROBIOLOGY
942
_2
ddc
_c
BK
_0
100
999
_c
20979
_d
20979